| 000 | 00372nam a22001337a 4500 | ||
|---|---|---|---|
| 020 | _a9789697705085 | ||
| 082 |
_a330.994 _bASH |
||
| 100 | _aAshfaq, Muhammad. Syed Asif Ali Naqvi and Sultan Ali Adil | ||
| 245 | _aEconomics for Business Managers | ||
| 260 |
_aFaisalabad _bUniversity of Agriculture, _c2022 |
||
| 300 | _a227p | ||
| 563 | _aHB | ||
| 942 |
_2ddc _cBK |
||
| 999 |
_c595085 _d595085 |
||